<?xml version="1.0" encoding="UTF-8"?>
<record
    xmlns:xsi="http://www.w3.org/2001/XMLSchema-instance"
    xsi:schemaLocation="http://www.loc.gov/MARC21/slim http://www.loc.gov/standards/marcxml/schema/MARC21slim.xsd"
    xmlns="http://www.loc.gov/MARC21/slim">

  <leader>01268nab a2200277 i 4500</leader>
  <controlfield tag="001">180817</controlfield>
  <controlfield tag="003">ES-MaACL</controlfield>
  <controlfield tag="005">20250903063112.0</controlfield>
  <controlfield tag="008">120717s1913    sp            000 s spa d</controlfield>
  <datafield tag="040" ind1=" " ind2=" ">
    <subfield code="a">ES-MaACL</subfield>
  </datafield>
  <datafield tag="100" ind1="1" ind2=" ">
    <subfield code="a">La Tourrasse, L&#xE9;onel de,</subfield>
    <subfield code="d">1861-1930</subfield>
    <subfield code="e">aut</subfield>
    <subfield code="9">150982</subfield>
  </datafield>
  <datafield tag="245" ind1="1" ind2="4">
    <subfield code="a">Los or&#xED;genes del teatro franc&#xE9;s contempor&#xE1;neo y el Teatro Libre.</subfield>
    <subfield code="n">V, </subfield>
    <subfield code="p">El teatro de los hermanos Goncourt / </subfield>
    <subfield code="c">conferencia pronunciada en franc&#xE9;s por M. de la Tourrasse ; versi&#xF3;n espa&#xF1;ola de Ricardo Caballero</subfield>
  </datafield>
  <datafield tag="300" ind1=" " ind2=" ">
    <subfield code="a">P&#xE1;ginas 1-30</subfield>
  </datafield>
  <datafield tag="594" ind1=" " ind2=" ">
    <subfield code="a">Precede al t&#xED;tulo: Conferencias en la Universidad Central</subfield>
  </datafield>
  <datafield tag="600" ind1="1" ind2="4">
    <subfield code="a">Goncourt, Edmond de, </subfield>
    <subfield code="d">1822-1896-</subfield>
    <subfield code="x">Cr&#xED;tica e interpretaci&#xF3;n</subfield>
    <subfield code="9">127378</subfield>
  </datafield>
  <datafield tag="600" ind1="1" ind2="4">
    <subfield code="a">Goncourt, Jules de,</subfield>
    <subfield code="d">1830-1870-</subfield>
    <subfield code="x">Cr&#xED;tica e interpretaci&#xF3;n</subfield>
    <subfield code="9">127379</subfield>
  </datafield>
  <datafield tag="610" ind1="2" ind2="4">
    <subfield code="a">Th&#xE9;&#xE2;tre Libre (Grupo teatral)</subfield>
    <subfield code="9">139611</subfield>
  </datafield>
  <datafield tag="650" ind1=" " ind2="7">
    <subfield code="a">Teatro franc&#xE9;s-</subfield>
    <subfield code="y">S.XIX-</subfield>
    <subfield code="x">Historia y cr&#xED;tica</subfield>
    <subfield code="9">174695</subfield>
  </datafield>
  <datafield tag="655" ind1=" " ind2="4">
    <subfield code="a">Conferencias</subfield>
    <subfield code="9">234444</subfield>
  </datafield>
  <datafield tag="700" ind1="1" ind2=" ">
    <subfield code="a">Caballero, Ricardo</subfield>
    <subfield code="e">trl</subfield>
    <subfield code="9">226940</subfield>
  </datafield>
  <datafield tag="710" ind1="2" ind2=" ">
    <subfield code="a">Universidad Central (Madrid)</subfield>
    <subfield code="e">isb</subfield>
    <subfield code="9">7084</subfield>
  </datafield>
  <datafield tag="773" ind1="0" ind2=" ">
    <subfield code="t">La Palabra : revista taquigr&#xE1;fica, </subfield>
    <subfield code="x">ISSN 2479-7723,</subfield>
    <subfield code="g">N. 16 (15 ag. 1913), p. 1-30</subfield>
    <subfield code="0">2879</subfield>
    <subfield code="9">2987</subfield>
    <subfield code="w">2879</subfield>
  </datafield>
  <datafield tag="942" ind1=" " ind2=" ">
    <subfield code="c">ANAB</subfield>
    <subfield code="2">udc</subfield>
    <subfield code="n">0</subfield>
  </datafield>
  <datafield tag="999" ind1=" " ind2=" ">
    <subfield code="c">180817</subfield>
    <subfield code="d">180817</subfield>
  </datafield>
  <datafield tag="955" ind1=" " ind2=" ">
    <subfield code="b">Pilar Fern&#xE1;ndez Vera</subfield>
  </datafield>
</record>
